|
|
|
|
| LEADER |
00975nam a22002897a 4500 |
| 001 |
42310 |
| 003 |
BD-DhAAL |
| 008 |
240227t2008 bg ||||| |||| 00| 0 eng d |
| 020 |
|
|
|a 9843000033393
|
| 040 |
|
|
|a BD-DhAAL
|c BD-DhAAL
|
| 082 |
|
|
|a 658.404
|2 23
|
| 100 |
|
|
|a Ahmed, Syed.
|
| 245 |
|
|
|a Executive arts /
|c Syed Ahmed.
|
| 264 |
|
|
|a Gopalgonj :
|b Taimur Baig,
|c 2008.
|
| 300 |
|
|
|a 72 pages ;
|c 22 cm.
|
| 541 |
|
|
|a Donated by Rebecca Dipa Khan
|e 42310
|
| 650 |
|
|
|a Project management.
|
| 650 |
|
|
|a Negotiation.
|
| 650 |
|
|
|a Speed reading.
|9 56067
|
| 650 |
|
|
|a Time management.
|
| 650 |
|
|
|a Executive power.
|9 45754
|
| 650 |
|
|
|a Project management.
|
| 650 |
|
|
|a Military planning.
|9 10854
|
| 852 |
|
|
|a Ayesha Abed Library
|c General Stacks
|
| 942 |
|
|
|2 ddc
|c BK
|
| 999 |
|
|
|c 46424
|d 46424
|
| 952 |
|
|
|0 0
|1 0
|2 ddc
|4 0
|6 658_404000000000000_AHM
|7 0
|9 75186
|a BRACUL
|b BRACUL
|c GEN
|d 2024-02-27
|e Donated By Rebecca Dipa Khan
|g 100.00
|l 0
|o 658.404 AHM
|p 3010042310
|r 2024-02-27
|t 1
|w 2024-02-27
|y BK
|